000 00289nam a2200097Ia 4500
082 _a658.4092 KETS
245 0 _aReflections on character and leadership
100 _a KETS DE VRIES, Manfred F R. Chichester, 2009
_970198
942 _cBK
008 210817s9999 xx 000 0 und d
999 _c254764
_d254763